000 00493nam a2200205Ia 4500
003 OSt
005 20230330104855.0
008 210423s2009 xx 000 0 und d
020 _a9780748625956
040 _cAL
041 _aeng
082 _a820 SAIP
100 _aSAILAJA (Pingali).
_980028
245 _aIndian english.
260 _aEdinburgh
_bEdinburgh University Press
_c2009
300 _ax,172
_bPB
365 _b1677
_cINR
906 _aenglish. ; Indian
942 _2ddc
_cBK
999 _c157544
_d157544